000 00650nam a2200229Ia 4500
003 OSt
005 20221006164048.0
006 a|||||r|||| 00| 0
007 ta
008 221006b |||||||| |||| 00| 0 eng d
024 _a1,235
037 _cTextual
040 _aFML
_cFML
_beng
041 _2eng
_aeng
082 _a2:51N3, M6
100 _aKhanna J K Au.
_9607508
245 0 _aColon Classification
_b Theoretical Formulations Enunerated Expanded Schedule
260 _aNew Delhi
_bEss Ess Publication
_c1986
300 _a781
_ccm.
942 _h2:51N3, M6
_cTEXL
_2CC
999 _c1116127
_d1116127